000 00522nam a2200193Ia 4500
005 20250326143445.0
008 250326s9999 xx 000 0 und d
020 _a81-261-1919-5
037 _aTextbook
040 _aFMSL
_beng
_cFMSL
041 _aeng
_2eng
084 _aS55.44 P4
_qFMSL
100 _aSingh Bharat
245 0 _aWorking women in India
_cSingh Bharat
260 _aNew Delhi
_bNew Delhi, Anmol Pub.
_c2004
300 _avii,338
942 _cTB
_hS55.44 P4
999 _c1299634
_d1299634